<?xml version="1.0" encoding="UTF-8"?><?xml-stylesheet type="text/xsl" href="static/style.xsl"?><OAI-PMH xmlns="http://www.openarchives.org/OAI/2.0/" xmlns:xsi="http://www.w3.org/2001/XMLSchema-instance" xsi:schemaLocation="http://www.openarchives.org/OAI/2.0/ http://www.openarchives.org/OAI/2.0/OAI-PMH.xsd"><responseDate>2026-06-01T04:22:44Z</responseDate><request verb="GetRecord" identifier="oai:riuma.uma.es:10630/24307" metadataPrefix="marc">https://riuma.uma.es/rest/oai/request</request><GetRecord><record><header><identifier>oai:riuma.uma.es:10630/24307</identifier><datestamp>2026-02-03T11:27:56Z</datestamp><setSpec>com_10630_2254</setSpec><setSpec>col_10630_37953</setSpec></header><metadata><record xmlns="http://www.loc.gov/MARC21/slim" xmlns:dcterms="http://purl.org/dc/terms/" xmlns:doc="http://www.lyncode.com/xoai" xmlns:xsi="http://www.w3.org/2001/XMLSchema-instance" xsi:schemaLocation="http://www.loc.gov/MARC21/slim http://www.loc.gov/standards/marcxml/schema/MARC21slim.xsd">
   <leader>00925njm 22002777a 4500</leader>
   <datafield ind2=" " ind1=" " tag="042">
      <subfield code="a">dc</subfield>
   </datafield>
   <datafield ind2=" " ind1=" " tag="720">
      <subfield code="a">Fernández Fernández, Eloísa</subfield>
      <subfield code="e">author</subfield>
   </datafield>
   <datafield ind2=" " ind1=" " tag="720">
      <subfield code="a">Fernández-Ordóñez, Eloísa</subfield>
      <subfield code="e">author</subfield>
   </datafield>
   <datafield ind2=" " ind1=" " tag="720">
      <subfield code="a">García-Gámez, Marina</subfield>
      <subfield code="e">author</subfield>
   </datafield>
   <datafield ind2=" " ind1=" " tag="720">
      <subfield code="a">Guerra-Marmolejo, Cristina</subfield>
      <subfield code="e">author</subfield>
   </datafield>
   <datafield ind2=" " ind1=" " tag="720">
      <subfield code="a">Iglesias-Parra, María Rosa</subfield>
      <subfield code="e">author</subfield>
   </datafield>
   <datafield ind2=" " ind1=" " tag="720">
      <subfield code="a">García-Agua-Soler, Nuria</subfield>
      <subfield code="e">author</subfield>
   </datafield>
   <datafield ind2=" " ind1=" " tag="720">
      <subfield code="a">González-Cano-Caballero, María</subfield>
      <subfield code="e">author</subfield>
   </datafield>
   <datafield ind2=" " ind1=" " tag="260">
      <subfield code="c">2022-03-15</subfield>
   </datafield>
   <datafield ind2=" " ind1=" " tag="520">
      <subfield code="a">Aim and objectives&#xd;
The aim of this study is to identify preoperative indicators and/or predictors of complications or inefficiencies in the surgical process that can be modified within nursing practice.&#xd;
&#xd;
Background&#xd;
Due to rapid sociodemographic and technological change, the global demand for surgical attention is rising exponentially, requiring new strategies for optimisation and sustainability in perioperative care.&#xd;
&#xd;
Design&#xd;
We conduced the scoping review using the methodology recommended by the Joanna Briggs Institute supported with The PAGER framework and guided by the PRISMA-ScR Checklist.&#xd;
&#xd;
Methods&#xd;
Four databases (CINAHL, MEDLINE, SCOPUS and PUBMED) were examined to extract relevant published results for elective surgery on adult patients during the period 2011–2021. This process identified 609 records. Exclusion criteria were applied, and the sample was then evaluated with the Quality Assessment Tool for Studies with Diverse Designs (QATSDD), after which 15 studies remained.&#xd;
&#xd;
Results&#xd;
The following preoperative indicators and/or predictors were considered: (1) Anxiety; (2) Pain; (3) Health education, knowledge and training; (4) Satisfaction; (5) Management/organisation (including costs, resources used/available, organisational issues, hospital stay (preoperative), standardisation and protocolisation.&#xd;
&#xd;
Conclusion&#xd;
The identification of five indicators and/or predictors of complications or inefficiencies in the surgical process, which can be modified by nursing, allows the effective application of interventions in the preoperative phase, optimising care and improving health outcomes.&#xd;
&#xd;
Relevance to clinical practice&#xd;
The development and implementation of specific nursing skills in the preoperative phase are essential to optimise the surgical process.</subfield>
   </datafield>
   <datafield ind1="8" ind2=" " tag="024">
      <subfield code="a">Fernández Fernández, E., FernándezOrdoñez, E., García-Gamez, M., Guerra-Marmolejo, C., Iglesias-Parra, R., García-Agua Soler, N., &amp; González-CanoCaballero, M. (2022). Indicators and predictors modifiable by the nursing department during the preoperative period: A scoping review. Journal of Clinical Nursing, 00, 1–22. https:// doi.org/10.1111/jocn.16287</subfield>
   </datafield>
   <datafield ind1="8" ind2=" " tag="024">
      <subfield code="a">https://hdl.handle.net/10630/24307</subfield>
   </datafield>
   <datafield ind1="8" ind2=" " tag="024">
      <subfield code="a">10.1111/jocn.16287</subfield>
   </datafield>
   <datafield tag="653" ind2=" " ind1=" ">
      <subfield code="a">Indicadores</subfield>
   </datafield>
   <datafield tag="653" ind2=" " ind1=" ">
      <subfield code="a">Cuidados preoperatorios</subfield>
   </datafield>
   <datafield ind2="0" ind1="0" tag="245">
      <subfield code="a">Indicators and predictors modifiable by the nursing department during the preoperative period: A scoping review</subfield>
   </datafield>
</record>
</metadata></record></GetRecord></OAI-PMH>